<?xml version="1.0" encoding="UTF-8"?>
<record
    xmlns:xsi="http://www.w3.org/2001/XMLSchema-instance"
    xsi:schemaLocation="http://www.loc.gov/MARC21/slim http://www.loc.gov/standards/marcxml/schema/MARC21slim.xsd"
    xmlns="http://www.loc.gov/MARC21/slim">

  <leader>01366cam a2200301 a 4500</leader>
  <controlfield tag="001">3750</controlfield>
  <controlfield tag="005">20250528124156.0</controlfield>
  <datafield tag="020" ind1=" " ind2=" ">
    <subfield code="a">0152545611 :</subfield>
  </datafield>
  <datafield tag="040" ind1=" " ind2=" ">
    <subfield code="a">DLC</subfield>
    <subfield code="c">DLC</subfield>
    <subfield code="d">DLC</subfield>
    <subfield code="b">eng</subfield>
  </datafield>
  <datafield tag="050" ind1="0" ind2="0">
    <subfield code="a">PZ7.S72</subfield>
  </datafield>
  <datafield tag="082" ind1="0" ind2="0">
    <subfield code="2">823.91</subfield>
  </datafield>
  <datafield tag="100" ind1="1" ind2=" ">
    <subfield code="a">Sorensen, Virginia</subfield>
    <subfield code="d">1912-1991.</subfield>
  </datafield>
  <datafield tag="245" ind1="1" ind2="0">
    <subfield code="a">Miracles on Maple Hill /</subfield>
    <subfield code="c">Virginia Sorensen ; illustrated by Beth and Joe Krush.</subfield>
  </datafield>
  <datafield tag="250" ind1=" " ind2=" ">
    <subfield code="a">First Scholastic printing , Septermber 1989</subfield>
  </datafield>
  <datafield tag="260" ind1=" " ind2=" ">
    <subfield code="a">New York : </subfield>
    <subfield code="b">Scholastic , </subfield>
    <subfield code="c">1984 </subfield>
  </datafield>
  <datafield tag="300" ind1=" " ind2=" ">
    <subfield code="a">180 pages : </subfield>
    <subfield code="b">illustrations ; </subfield>
    <subfield code="c">20 cm.</subfield>
  </datafield>
  <datafield tag="505" ind1=" " ind2=" ">
    <subfield code="a">R 
</subfield>
  </datafield>
  <datafield tag="520" ind1=" " ind2=" ">
    <subfield code="a">Juvenile Fiction. Historical Fiction. HTML:Winner of the 1957 Newbery Award, this novel offers a loving portrait of a family trying to put itself back together when the father returns from a war in a distant land. Written over 45 years ago, Maple Hill is eerily apt for today&#xFFFD;??s young listeners&#xFFFD;??who will also appreciate the beautifully crafted portrait of a rural world that still exists, but is rapidly vanishing. An all time</subfield>
  </datafield>
  <datafield tag="521" ind1=" " ind2=" ">
    <subfield code="a">750 

</subfield>
    <subfield code="b">Lexile 
</subfield>
  </datafield>
  <datafield tag="521" ind1=" " ind2=" ">
    <subfield code="a">R 
</subfield>
    <subfield code="b">Raz-Plus 
</subfield>
  </datafield>
  <datafield tag="650" ind1=" " ind2="1">
    <subfield code="a">Moving, Household</subfield>
    <subfield code="x">Fiction</subfield>
  </datafield>
  <datafield tag="650" ind1=" " ind2="1">
    <subfield code="a">Family problems</subfield>
    <subfield code="x">Fiction.</subfield>
  </datafield>
  <datafield tag="650" ind1=" " ind2="1">
    <subfield code="a">Country life</subfield>
    <subfield code="z">Pennsylvania</subfield>
    <subfield code="x">Fiction.</subfield>
  </datafield>
  <datafield tag="700" ind1="1" ind2=" ">
    <subfield code="a">Krush, Beth</subfield>
    <subfield code="e">illustrator </subfield>
  </datafield>
  <datafield tag="700" ind1="1" ind2=" ">
    <subfield code="a">Krush, Joe,</subfield>
    <subfield code="e">illustrator </subfield>
  </datafield>
  <datafield tag="906" ind1=" " ind2=" ">
    <subfield code="a">7</subfield>
    <subfield code="b">cbc</subfield>
    <subfield code="c">orignew</subfield>
    <subfield code="d">1</subfield>
    <subfield code="e">ocip</subfield>
    <subfield code="f">19</subfield>
    <subfield code="g">y-gencatlg</subfield>
  </datafield>
  <datafield tag="942" ind1=" " ind2=" ">
    <subfield code="2">ddc</subfield>
    <subfield code="c">BK</subfield>
    <subfield code="n">0</subfield>
  </datafield>
  <datafield tag="999" ind1=" " ind2=" ">
    <subfield code="c">3750</subfield>
    <subfield code="d">3750</subfield>
  </datafield>
  <datafield tag="952" ind1=" " ind2=" ">
    <subfield code="0">0</subfield>
    <subfield code="1">0</subfield>
    <subfield code="2">ddc</subfield>
    <subfield code="4">0</subfield>
    <subfield code="7">0</subfield>
    <subfield code="8">FIC</subfield>
    <subfield code="a">001</subfield>
    <subfield code="b">002</subfield>
    <subfield code="c">TTP</subfield>
    <subfield code="d">2024-04-29</subfield>
    <subfield code="l">0</subfield>
    <subfield code="o">SOR 823.91 PZ7.S72</subfield>
    <subfield code="p">FISSE01690</subfield>
    <subfield code="r">2025-05-28 14:23:40</subfield>
    <subfield code="t">1</subfield>
    <subfield code="w">2024-04-29</subfield>
    <subfield code="y">BK</subfield>
  </datafield>
  <datafield tag="952" ind1=" " ind2=" ">
    <subfield code="0">0</subfield>
    <subfield code="1">0</subfield>
    <subfield code="2">ddc</subfield>
    <subfield code="4">0</subfield>
    <subfield code="7">0</subfield>
    <subfield code="8">FIC</subfield>
    <subfield code="a">001</subfield>
    <subfield code="b">001</subfield>
    <subfield code="c">TTP</subfield>
    <subfield code="d">2024-05-30</subfield>
    <subfield code="l">0</subfield>
    <subfield code="o">SOR 823.91 PZ7.S72</subfield>
    <subfield code="p">2024-0752</subfield>
    <subfield code="r">2024-05-30 08:31:29</subfield>
    <subfield code="t">2</subfield>
    <subfield code="w">2024-05-30</subfield>
    <subfield code="y">BK</subfield>
  </datafield>
  <datafield tag="952" ind1=" " ind2=" ">
    <subfield code="0">0</subfield>
    <subfield code="1">0</subfield>
    <subfield code="2">ddc</subfield>
    <subfield code="4">0</subfield>
    <subfield code="7">0</subfield>
    <subfield code="8">FIC</subfield>
    <subfield code="a">001</subfield>
    <subfield code="b">001</subfield>
    <subfield code="c">TTP</subfield>
    <subfield code="d">2024-05-30</subfield>
    <subfield code="l">0</subfield>
    <subfield code="o">SOR 823.91 PZ7.S72</subfield>
    <subfield code="p">2024-0755</subfield>
    <subfield code="r">2024-05-30 09:13:57</subfield>
    <subfield code="t">3</subfield>
    <subfield code="w">2024-05-30</subfield>
    <subfield code="y">BK</subfield>
  </datafield>
  <datafield tag="952" ind1=" " ind2=" ">
    <subfield code="0">0</subfield>
    <subfield code="1">0</subfield>
    <subfield code="2">ddc</subfield>
    <subfield code="4">0</subfield>
    <subfield code="7">0</subfield>
    <subfield code="8">FIC</subfield>
    <subfield code="a">001</subfield>
    <subfield code="b">001</subfield>
    <subfield code="c">TTP</subfield>
    <subfield code="d">2024-06-10</subfield>
    <subfield code="l">0</subfield>
    <subfield code="o">SOR 823.91 PZ7.S72</subfield>
    <subfield code="p">2024-0858</subfield>
    <subfield code="r">2024-06-10 13:59:33</subfield>
    <subfield code="t">4</subfield>
    <subfield code="w">2024-06-10</subfield>
    <subfield code="y">BK</subfield>
  </datafield>
  <datafield tag="952" ind1=" " ind2=" ">
    <subfield code="0">0</subfield>
    <subfield code="1">0</subfield>
    <subfield code="2">ddc</subfield>
    <subfield code="4">0</subfield>
    <subfield code="7">0</subfield>
    <subfield code="8">FIC</subfield>
    <subfield code="a">001</subfield>
    <subfield code="b">002</subfield>
    <subfield code="c">TTP</subfield>
    <subfield code="d">2024-06-10</subfield>
    <subfield code="l">1</subfield>
    <subfield code="o">SOR 823.91 PZ7.S72</subfield>
    <subfield code="p">2024-0859</subfield>
    <subfield code="r">2025-06-05 08:36:36</subfield>
    <subfield code="s">2025-04-25</subfield>
    <subfield code="t">5</subfield>
    <subfield code="w">2024-06-10</subfield>
    <subfield code="y">BK</subfield>
  </datafield>
  <datafield tag="952" ind1=" " ind2=" ">
    <subfield code="0">0</subfield>
    <subfield code="1">0</subfield>
    <subfield code="2">ddc</subfield>
    <subfield code="4">0</subfield>
    <subfield code="7">0</subfield>
    <subfield code="8">FIC</subfield>
    <subfield code="a">001</subfield>
    <subfield code="b">001</subfield>
    <subfield code="c">TTP</subfield>
    <subfield code="d">2024-06-10</subfield>
    <subfield code="l">0</subfield>
    <subfield code="o">SOR 823.91 PZ7.S72</subfield>
    <subfield code="p">2024-0860</subfield>
    <subfield code="r">2024-06-10 14:03:39</subfield>
    <subfield code="t">6</subfield>
    <subfield code="w">2024-06-10</subfield>
    <subfield code="y">BK</subfield>
  </datafield>
</record>
